|
|
|
|
| LEADER |
00740cam a2200205 7i4500 |
| 001 |
0000033882 |
| 005 |
20170117090000.0 |
| 007 |
##ta |
| 008 |
170117s2016 my d eng |
| 040 |
# |
# |
|a MATR
|
| 090 |
0 |
0 |
|a M 338.272809595
|b MAL
|
| 245 |
0 |
0 |
|a Malaysia Oil Gas Trends, Market Opportunities, Prospects and Outlook to 2025 :
|b September 2016.
|
| 264 |
# |
1 |
|a Place of publication not identified:
|b OG Analysis,
|c 2016.
|
| 300 |
# |
# |
|a 160 pages:
|b illustrations;
|c 30 cm.
|
| 336 |
# |
# |
|a text
|2 rdacontent
|
| 337 |
# |
# |
|a unmediated
|2 rdamedia
|
| 338 |
# |
# |
|a volume
|2 rdacarrier
|
| 650 |
# |
0 |
|a Petroleum industry and trade --
|z Malaysia
|
| 650 |
# |
0 |
|a Gas industry --
|z Malaysia
|
| 999 |
|
|
|a B000038195
|b Market Reports
|c Malaysia
|e Business Information Centre
|